| 000 | 00373nam a2200145Ia 4500 | ||
|---|---|---|---|
| 008 | 230312s9999||||xx |||||||||||||| ||und|| | ||
| 020 | _a9788177581706 | ||
| 082 |
_a670.42 _bKAL-M |
||
| 100 | _aKalpakjian, Serope | ||
| 245 | 0 | _aManufacturing Engineering and Technology | |
| 260 |
_bPearson Education _aIndia _c2005 |
||
| 546 | _aEng. | ||
| 650 | _aEngineering | ||
| 942 | _cBK | ||
| 999 |
_c6176 _d6176 |
||